<?xml version="1.0" encoding="UTF-8"?>
<record
    xmlns:xsi="http://www.w3.org/2001/XMLSchema-instance"
    xsi:schemaLocation="http://www.loc.gov/MARC21/slim http://www.loc.gov/standards/marcxml/schema/MARC21slim.xsd"
    xmlns="http://www.loc.gov/MARC21/slim">

  <leader>00889cam a2200205   4500</leader>
  <controlfield tag="001">sa 68020480 </controlfield>
  <controlfield tag="003">DLC</controlfield>
  <controlfield tag="005">20260227112724.0</controlfield>
  <controlfield tag="008">871006m19379999ce       d    000 0 sino </controlfield>
  <datafield tag="010" ind1=" " ind2=" ">
    <subfield code="a">sa 68020480 </subfield>
  </datafield>
  <datafield tag="040" ind1=" " ind2=" ">
    <subfield code="a">DLC</subfield>
    <subfield code="c">DLC</subfield>
    <subfield code="d">DLC</subfield>
  </datafield>
  <datafield tag="050" ind1="0" ind2="0">
    <subfield code="a">PK2837</subfield>
    <subfield code="b">.S5 1937</subfield>
  </datafield>
  <datafield tag="245" ind1="0" ind2="0">
    <subfield code="a">Si&#x1E43;hala &#x15B;abdako&#x1E63;aya.</subfield>
    <subfield code="c">&#x1E0C;&#x12B;.B&#x12B;. Jayatilaka mahat&#x101;nang&#x113; pradh&#x101;natvayen samp&#x101;danayara&#x1E47;a lad&#x12B;.</subfield>
  </datafield>
  <datafield tag="260" ind1=" " ind2=" ">
    <subfield code="a">[Ko&#x1E37;amba]</subfield>
    <subfield code="b">R&#x101;jak&#x12B;ya &#xC1;siy&#x101;tika Samitiy&#x113; La&#x1E45;k&#x101; &#x15A;&#x101;kh&#x101;va,</subfield>
    <subfield code="c">1937-&lt;1992   &gt;</subfield>
  </datafield>
  <datafield tag="300" ind1=" " ind2=" ">
    <subfield code="a">v. &lt;1-16, 18, 24, 25 (pts. 1, 2, 3), 26; 30-34, pt. 14; 36, pt. 16, 45 (pt. 4)   &gt;</subfield>
    <subfield code="c">28 cm.</subfield>
  </datafield>
  <datafield tag="500" ind1=" " ind2=" ">
    <subfield code="a">Vols. 6-16, 18 published by Sri Lanka University Press.</subfield>
  </datafield>
  <datafield tag="500" ind1=" " ind2=" ">
    <subfield code="a">Vols. 19, 21, 28-29, 33-34, pt. 14; 36, pt., 16 published by the Ministry of Cultural Affairs.</subfield>
  </datafield>
  <datafield tag="650" ind1=" " ind2="0">
    <subfield code="a">Sinhalese language</subfield>
    <subfield code="x">Dictionaries.</subfield>
  </datafield>
  <datafield tag="700" ind1="1" ind2=" ">
    <subfield code="a">Jayatilaka, &#x1E0C;&#x12B;. B&#x12B;.,</subfield>
    <subfield code="c">Sir,</subfield>
    <subfield code="d">1868-1944.</subfield>
  </datafield>
  <datafield tag="999" ind1=" " ind2=" ">
    <subfield code="c">89444</subfield>
    <subfield code="d">89444</subfield>
  </datafield>
</record>
